| 000 | 00806cab a2200253 4500 | ||
|---|---|---|---|
| 001 | ABS59596 | ||
| 008 | 090401t1998 xxu||||| |||| 00| 0 eng d | ||
| 035 | _a(Sirsi) u89722 | ||
| 041 | _aeng | ||
| 100 | _aButton, R. | ||
| 245 | 4 | _aThe ultimate deterrent | |
| 260 | _c1998 | ||
| 350 | _a0 | ||
| 490 |
_aConstruction News _v(6591) 12 November 1998, 42(1) |
||
| 520 | _aDiscusses the contractor`s right under the Construction Act to suspend work if unpaid, and suggests that it should only be used as a weapon of last resort. | ||
| 650 | _aCONTRACTORS | ||
| 650 | _aHOUSING GRANTS CONSTRUCTION AND REGENERATION ACT 1996 | ||
| 650 | _aPAYMENT | ||
| 650 | _aSUBCONTRACTORS | ||
| 650 | _aSUSPENSION | ||
| 690 | _aBUILT ENVIRONMENT-BUILDING CONTRACT FORMS | ||
| 942 | _n0 | ||
| 948 | _c17/11/1998 | ||
| 999 |
_c56780 _d56780 |
||